Počítačové modelovanie molekúl : metódy počítačovej chémie /
Uloženo v:
| Hlavní autor: | |
|---|---|
| Médium: | Kniha |
| Jazyk: | slovenština |
| Vydáno: |
Bratislava :
Slovenská technická univerzita v Bratislave,
2011
|
| Vydání: | 1. vyd. |
| Edice: | Edícia vysokoškolských učebníc
|
| Témata: | |
| ISBN: | 9788022734561 |
| On-line přístup: |
|
| Tagy: |
Přidat tag
Žádné tagy, Buďte první, kdo vytvoří štítek k tomuto záznamu!
|
MARC
| LEADER | 00000nam a2200000 4500 | ||
|---|---|---|---|
| 003 | SK-BrCVT | ||
| 005 | 20250618080847.0 | ||
| 006 | ad e 001 0 | ||
| 008 | 110809s2011 xo d e 001 0slo#d | ||
| 020 | |a 9788022734561 |q (brož.) |c 11,23 | ||
| 035 | |a CVTIDW0008202 | ||
| 040 | |a CVTISR |b slo |c CVTISR |e AACR2 | ||
| 041 | 0 | |a slo | |
| 044 | |a xo |c SK | ||
| 080 | |a 004.94 |2 2008 | ||
| 080 | |a 539.19 |2 2008 | ||
| 080 | |a 544:004 |2 2008 | ||
| 100 | 1 | |a Lukeš, Vladimír, |d 1971- |4 aut | |
| 245 | 1 | 0 | |a Počítačové modelovanie molekúl : |b metódy počítačovej chémie / |c autori: Vladimír Lukeš ... [et al.] |
| 250 | |a 1. vyd. | ||
| 260 | |a Bratislava : |b Slovenská technická univerzita v Bratislave, |c 2011 | ||
| 300 | |a 291 s. : |b grafy, lit., obr., tab. + |e 1 CD-ROM |c 25 cm | ||
| 490 | 0 | |a Edícia vysokoškolských učebníc | |
| 653 | 1 | |a počítačový model | |
| 653 | 1 | |a počítačová chémia | |
| 653 | 1 | |a kvantová fyzika | |
| 653 | 1 | |a Schrödingerova rovnica | |
| 653 | 1 | |a viacatómový systém | |
| 653 | 1 | |a elektrónová hustota | |
| 655 | 7 | |a učebnice vysokých škôl |2 SNKPH | |
| 760 | 0 | |a Edícia vysokoškolských učebníc | |
| 852 | |a CVTISR |b 1 | ||
| 910 | |b A613936 |b A613937 | ||
| 919 | |a 978-80-227-3456-1 | ||
| 959 | |a 18 | ||
| 974 | |a katarina.repata |f Knihy |b Rita Zubonyaiová | ||
| 992 | |a AUV | ||
| 999 | |c 170054 |d 170054 | ||

